00694nam a2200193 i 450000100060000000300090000600500170001500700030003200800410003504000200007610000190009624502100011526000420032530000480036765100220041570000180043770000240045585200210047948304ES-MaACL20230906161730.0t|950712s1879 fr ap ||||1| fre d aCAM bspa cCAM1 aDaendliker, K.10aHistoire du peuple suisse / cpar le Dr K. Daendliker,... ; traduit de l'allemand, avec l'autorisation de l'auteur, par Mme Jules Favre née Velten ; et précédé d'une introduction de M. Jules Favre. aParis : bGermer Baillière, c1879. aXL, 335 p., [1] h. de map. pleg. ; c23 cm. 4aSuiza-xHistoria.1 aFavre, Jules.1 aFavre, Jules (Mme.) aES-MaACLjG-7542